000 00679cam a22002174a 4500
005 20250605164215.0
008 250528s ||||||||||||||||||||||||d
035 _a20448
020 _a5012721
040 _aGR-AtMCL
_bgre
_dGR-AtMCL
_eAACR2
245 1 _aReader's Digest Condensed Books / Volume 3
250 _a1st
260 _c1975
300 _a578
520 _aMrs. 'Arris Goes to Moscow by Paul Gallino, The Moneychangers by Arthur Hailey, The Massacre at Fall Creek by Jessamyn West, Collision by Spencer Dunmore.
700 1 _aBeaudouin John T.
_96439
700 1 _aReader'S Digest Condensed Books
_96440
942 _cBK
999 _c5555
_d5555